000 00325nam a2200133Ia 4500
008 220204s9999 xx 000 0 und d
082 _a633.811
_bGEO
100 _aGeorge Thomas, R
245 0 _aRose
260 _aTrivandrum
_bState Inst ofLanguage
_c1974
650 _aRose cultivation
700 _aGopimani
942 _cBK
999 _c22842
_d22842